00727nam a2200205Ia 4500008004100000020001800041040001800059041000800077100001700085245015100102260003800253300005900291504002200350650000900372650002400381650002500405700002900430700003400459765002800493130821s2004 sp aof gr spa  a84 8076 323 X aCo-BoUCMbspa00aspa1 aSimpson, Ian10aCurso completo de dibujocIan Simpson ; traducción Georg Massanés ; revisión técnica de la edición española Beatriz Orellana Carreño aBarcelona (España)bBlumec2004 a224 páginasbilustraciones, fotografías, láminas aincluye índice. aArte aDibujoxEnseñanza aPinturaxEnseñanza1 aMassanés, Georgetrad.1 aOrellana Carreño, Beatríz tComplete drawing course